Intentional living : choosing a life that matters
| Main Author: | |
|---|---|
| Format: | Book |
| Published: |
New York :
Center Street ,
2015
|
| Subjects: |
MARC
| LEADER | 00000cam a2200000 7i4500 | ||
|---|---|---|---|
| 001 | 0000199607 | ||
| 005 | 20160315.0 | ||
| 020 | |a 9781455548156 | ||
| 090 | 0 | 0 | |a 158.1 |b MAX |
| 100 | 1 | |a Maxwell, John C. | |
| 245 | 1 | 0 | |a Intentional living : |b choosing a life that matters |
| 260 | |a New York : |b Center Street , |c 2015 | ||
| 300 | |a 271p. ; |c 23cm. | ||
| 650 | 0 | |a Conduct of life | |
| 650 | 0 | |a Self-actualization (Psychology) | |
| 999 | |a 00318459 |b BUKU |c PINJAMAN |e PERPUSTAKAAN KOMUNITI PETALING JAYA | ||